| 000 | 00921nam a2200241 a 4500 | ||
|---|---|---|---|
| 001 | BRCA_622 | ||
| 005 | 20190320203103.0 | ||
| 008 | 310805s2002----us-a---f##---#000-0#eng-d | ||
| 020 | _a1929330030 | ||
| 041 | _aeng | ||
| 041 | _aspa | ||
| 050 | 4 |
_aN7914 _b.S23 2002 |
|
| 245 | 1 | 0 |
_aSacred Art _bfrom the Old and New Worlds. |
| 260 |
_aLubbock, Texas _bMuseum of Texas Tech University _c2002 |
||
| 300 |
_avi, 65 p. _bil. a color _c22 cm. |
||
| 500 | _aCatálogo de la exposición realizada en el Museum of Texas Tech University (Lubbock, Texas), 2 junio - 15 septiembre, 2002 | ||
| 500 | _aIncluye piezas de la colección Franz Mayer: p. 31, 33, 35, 41, 43, 47, 53, 55 y 65 | ||
| 500 | _a2do. ejemplar en el Área de Investigación | ||
| 504 | _aIncluye referencias bibliográficas | ||
| 546 | _aTexto en inglés y español | ||
| 650 | 1 | 4 |
_aArte cristiano y simbolismo _vExposiciones _zMéxico _92120 |
| 942 |
_2lcc _cB |
||
| 999 |
_c546 _d546 |
||